000
00187 a2200097 4500
020
_a
9780673758835
041
_a
spa
100
_a
Lillegard, Dee
245
_a
Papas el martes
942
_c
BK
999
_c
31938
_d
31936